| Tag |
First Indicator |
Second Indicator |
Subfields |
| LEADER |
00000cam a2200000 a 4500 |
| 001 |
in00000098216 |
| 005 |
20150924085714.0 |
| 008 |
820216s1982 nyua b 00110 eng |
| 010 |
|
|
|a 82002822
|
| 020 |
|
|
|a 0471865982 (pbk.) :
|c $9.95
|
| 035 |
|
|
|a (OCoLC)08283160
|
| 035 |
|
|
|9 AAK9584AM
|
| 039 |
0 |
|
|a 2
|b 3
|c 3
|d 3
|e 3
|
| 040 |
|
|
|a DLC
|c DLC
|d TXA
|d UtOrBLW
|
| 049 |
|
|
|a TXAM [Also in] [LRD]
|c 1 [271555]
|a TXAV
|c 2 [802677]
|
| 050 |
0 |
0 |
|a QA76.8.A662
|b S3 1982
|
| 082 |
0 |
|
|a 001.64/2
|2 19
|
| 090 |
|
|
|a QA76.8.A662
|b S3
|
| 100 |
1 |
|
|a Scanlon, Leo J.
|
| 245 |
1 |
0 |
|a Apple II assembly language exercises /
|c Leo J. Scanlon.
|
| 264 |
|
1 |
|a New York :
|b Wiley,
|c [1982]
|
| 264 |
|
4 |
|c ©1982
|
| 300 |
|
|
|a ix, 204 pages :
|b illustrations ;
|c 28 cm.
|
| 336 |
|
|
|a text
|b txt
|2 rdacontent
|
| 337 |
|
|
|a unmediated
|b n
|2 rdamedia
|
| 338 |
|
|
|a volume
|b nc
|2 rdacarrier
|
| 500 |
|
|
|a Includes index.
|
| 504 |
|
|
|a Bibliography: pages viii.
|
| 650 |
|
0 |
|a Apple II (Computer)
|x Programming
|x Problems, exercises, etc.
|
| 650 |
|
0 |
|a Assembly languages (Electronic computers)
|x Problems, exercises, etc.
|
| 999 |
|
|
|a MARS
|
| 999 |
f |
f |
|s ada6d30d-4016-30f6-985d-e8dd24739b00
|i d96c2775-df79-3327-9d60-9790c62ff244
|t 0
|
| 952 |
f |
f |
|p ric
|a Texas A&M University
|b Rellis Campus
|c Joint Library Facility
|d Remote Storage
|t 0
|e QA76.8.A662 S3
|h Library of Congress classification
|i unmediated -- volume
|m A14820943534
|
| 998 |
f |
f |
|a QA76.8.A662 S3
|t 0
|l Remote Storage
|